=LDR 00000nam 2200000 4500 =001 INLIS000000000019914 =005 20130612114926 =008 ***********************************Ind** =035 ##$$0010-061300000019914 =041 ##$$a Ind =082 ##$$a F Rom K =090 ##$$a F Rom K, And b =100 ##$$a Andio, Tirry =245 ##$$a Berkhitan, Tirry Andio =260 ##$$a 2001 $b Jakarta =300 ##$$a vii, 64 hlm, ilus, 21 cm =650 ##$$a Fiksi kanak-kanak =850 ##$$a NBPNMAT